TB OF PHARMACEUTICAL ORGANIC CHEMISTRY (Record no. 7123)
[ view plain ]
| 000 -LEADER | |
|---|---|
| fixed length control field | 00326nam a2200133Ia 4500 |
| 008 - FIXED-LENGTH DATA ELEMENTS--GENERAL INFORMATION | |
| fixed length control field | 150301s2015 xx 000 0 und d |
| 082 ## - DEWEY DECIMAL CLASSIFICATION NUMBER | |
| Classification number | 661.8 |
| Item number | P14A |
| 100 ## - MAIN ENTRY--PERSONAL NAME | |
| Personal name | MOHAMMED ALI |
| 245 ## - TITLE STATEMENT | |
| Title | TB OF PHARMACEUTICAL ORGANIC CHEMISTRY |
| 260 ## - PUBLICATION, DISTRIBUTION, ETC. (IMPRINT) | |
| Name of publisher, distributor, etc. | CBS- DELHI |
| 300 ## - PHYSICAL DESCRIPTION | |
| Extent | 475 |
| 650 ## - SUBJECT ADDED ENTRY--TOPICAL TERM | |
| Topical term or geographic name as entry element | ORGANIC CHEMISTRY |
| 942 ## - ADDED ENTRY ELEMENTS (KOHA) | |
| Source of classification or shelving scheme | Dewey Decimal Classification |
| Koha item type | Books |
| Koha issues (borrowed), all copies | 9 |
| Withdrawn status | Lost status | Source of classification or shelving scheme | Damaged status | Not for loan | Collection code | Home library | Current library | Date acquired | Source of acquisition | Cost, normal purchase price | SGTU | Bill Number | Total Checkouts | Full call number | Barcode | Date last seen | Date last checked out | Bill Date | Koha item type |
|---|---|---|---|---|---|---|---|---|---|---|---|---|---|---|---|---|---|---|---|
| Dewey Decimal Classification | PHARMACY | SGT FA-FP Library | SGT FA-FP Library | 02/07/2015 | ABC DELHI | 230.00 | SGTU | 492 | 24 | 661.8 P14A | FP461 | 03/08/2022 | 04/06/2022 | 24/11/2014 | Books | ||||
| Dewey Decimal Classification | PHARMACY | SGT FA-FP Library | SGT FA-FP Library | 02/07/2015 | ABC DELHI | 230.00 | SGTU | 492 | 20 | 661.8 P14A | FP462 | 05/04/2024 | 01/04/2024 | 24/11/2014 | Books | ||||
| Dewey Decimal Classification | PHARMACY | SGT FA-FP Library | SGT FA-FP Library | 02/07/2015 | ABC DELHI | 230.00 | SGTU | 492 | 27 | 661.8 P14A | FP463 | 24/12/2021 | 18/12/2021 | 24/11/2014 | Books | ||||
| Dewey Decimal Classification | PHARMACY | SGT FA-FP Library | SGT FA-FP Library | 02/07/2015 | ABC DELHI | 230.00 | SGTU | 492 | 26 | 661.8 P14A | FP464 | 23/03/2021 | 22/03/2021 | 24/11/2014 | Books | ||||
| Dewey Decimal Classification | PHARMACY | SGT FA-FP Library | SGT FA-FP Library | 02/07/2015 | ABC DELHI | 230.00 | SGTU | 492 | 8 | 661.8 P14A | FP465 | 17/08/2019 | 16/08/2019 | 24/11/2014 | Books |